000 00328 a2200157 4500
001 174843
020 _a
040 _cMagnum
100 _aConover, Chris
240 1 0 _aA filha do feiticeiro
_lpor
245 1 0 _aA filha do feiticeiro
362 0 _a1899
440 1 _aÁtica
697 _aIJ/LENDAS, FOLCLORE
942 _cBK
999 _c174843
_d174843